| 000 | 02708nam a2200337 a 4500 | ||
|---|---|---|---|
| 001 | ebr10746107 | ||
| 003 | CaPaEBR | ||
| 006 | m o u | ||
| 007 | cr cn||||||||| | ||
| 008 | 120105s2012 nju sb 001 0 eng d | ||
| 010 | _z 2012000349 | ||
| 020 | _z9781617110283 (alk. paper) | ||
| 020 | _z9781617118104 (e-book) | ||
| 040 |
_aCaPaEBR _cCaPaEBR |
||
| 035 | _a(OCoLC)859158732 | ||
| 050 | 1 | 4 |
_aRC816 _b.S45 2012eb |
| 082 | 0 | 4 |
_a616.3/307545 _223 |
| 245 | 0 | 0 |
_aSelf-expanding stents in gastrointestinal endoscopy _h[electronic resource] / _c[edited by] Douglas G. Adler. |
| 260 |
_aThorofare, N.J. : _bSLACK Inc., _cc2012. |
||
| 300 | _asviii, 236 p. | ||
| 504 | _aIncludes bibliographical references and index. | ||
| 505 | 0 | _aEsophageal stents in benign disease / Sanjay R. Hegde and Eric Goldberg -- Esophageal stents in preoperative esophageal cancer patients / Kathryn R. Byrne, John C. Fang, and Douglas G. Adler -- Esophageal stents in patients with malignant dysphagia due to unresectable disease / Kulwinder S. Dua -- Complications of esophageal stents and their management / Gulshan Parasher and Jess D. Schwartz -- Metal biliary stents in benign pancreaticobiliary disease / Michelle A. Anderson and Richard S. Kwon -- Metal biliary stents in patients with potentially resectable pancreaticobiliary malignancy / Tyler M. Berzin, Ram Chuttani, and Douglas K. Pleskow -- Metal biliary stents in patients with unresectable pancreaticobiliary malignancy / Waqar Qureshi -- Metal biliary stent complications and their management / Jessica I. Chan and Douglas G. Adler -- Gastroduodenal stents / Christopher J. DiMaio -- Gastroduodenal stents versus surgery for malignant gastric outlet obstruction / Ali A. Siddiqui -- Colonic stents as a bridge to surgery in patients with colonic obstruction / Andres Gelrud -- Colonic stents as palliative therapy in patients with malignant large bowel obstruction / Sergey V. Kantsevoy -- Complications of colonic stenting and their management / Sonia Gosain, Kevin Halsey, and Peter Darwin -- The future of self-expanding stents in gastrointestinal endoscopy / Jeffrey L. Tokar. | |
| 533 |
_aElectronic reproduction. _bPalo Alto, Calif. : _cebrary, _d2013. _nAvailable via World Wide Web. _nAccess may be limited to ebrary affiliated libraries. |
||
| 650 | 0 |
_aGastrointestinal system _xDiseases _xTreatment. |
|
| 650 | 0 |
_aGastrointestinal system _xEndoscopic surgery. |
|
| 650 | 0 | _aStents (Surgery) | |
| 655 | 7 |
_aElectronic books. _2local |
|
| 700 | 1 |
_aAdler, Douglas G., _d1969- |
|
| 710 | 2 | _aebrary, Inc. | |
| 856 | 4 | 0 |
_uhttp://site.ebrary.com/lib/rucke/Doc?id=10746107 _zAn electronic book accessible through the World Wide Web; click to view |
| 999 |
_c14640 _d14640 |
||